Kinsei Tosa henro shiryō /
Saved in:
| Other Authors: | |
|---|---|
| Format: | Book |
| Language: | Japanese |
| Published: |
Kōchi-shi :
Tosa Minzoku Gakkai,
Shōwa 41 [1966]
|
| Series: | Tosa Minzoku sōsho ;
3. |
| Subjects: | |
| Tags: |
Add Tag
No Tags, Be the first to tag this record!
|
| LEADER | 00993nam a2200277ua 4500 | ||
|---|---|---|---|
| 001 | 007719772-0 | ||
| 005 | 20024617115958.0 | ||
| 008 | 900202s1966 ja a 000 0 jpn d | ||
| 035 | 0 | |a ocm22818206 | |
| 040 | |a NNC-EA |c NNC-EA |d *YNH* |d CStRLIN | ||
| 043 | |a a-ja--- | ||
| 245 | 0 | 0 | |6 880-01 |a Kinsei Tosa henro shiryō / |c Hiroe Kiyoshi hen. |
| 260 | |6 880-02 |a Kōchi-shi : |b Tosa Minzoku Gakkai, |c Shōwa 41 [1966] | ||
| 300 | |a 111 p. : |b ill. ; |c 25 cm. | ||
| 490 | 1 | |6 880-03 |a Tosa Minzoku sōsho ; |v 3 | |
| 500 | |a Mimeographed. | ||
| 650 | 0 | |a Buddhist pilgrims and pilgrimages |z Japan |z Kōchi-ken. | |
| 700 | 1 | |6 880-04 |a Hiroe, Kiyoshi. | |
| 880 | 0 | 0 | |6 245-01 |a 近世土佐遍路資料/ |c 広江清編. |
| 880 | |6 260-02 |a 高知市: |b 土佐民俗学会, |c 昭和 41 [1966] | ||
| 880 | 1 | |6 490-03 |a 土佐民俗叢書; ; |v 3 | |
| 880 | 1 | |6 700-04 |a 広江清. | |
| 830 | 0 | |6 880-53 |a Tosa Minzoku sōsho ; |v 3. | |
| 880 | 0 | |6 830-53 |a 土佐民俗叢書; ; |v 3. | |
| 988 | |a 20021214 | ||
| 906 | |0 OCLC | ||


